Statistics for Complete The Led Zeppelin Song Title

Click here to take the quiz!

General Stats

  • This quiz has been taken 407 times
  • The average score is 13 of 15

Answer Stats

Hint Answer % Correct
Whole Lotta _____Love
100%
The Lemon _____Song
99%
Hey Hey What Can I _____Do
98%
Ramble _____On
96%
Black _____Dog
95%
Houses Of The _____Holy
94%
What Is And What Should Never _____Be
90%
Achilles Last _____Stand
87%
The Battle Of _____Evermore
83%
Going To _____California
82%
Misty Mountain _____Hop
81%
In My Time Of _____Dying
72%
No _____Quarter
68%
Living Loving _____Maid
67%

Score Distribution

Percentile by Number Answered

Percent of People with Each Score

Your Score History

You have not taken this quiz